Romancing your marriage. (Record no. 14685)

000 -LEADER
fixed length control field 00659nam a2200217 a 4500
001 - CONTROL NUMBER
control field :::00012518$&:&@@
003 - CONTROL NUMBER IDENTIFIER
control field OkBaRHE
005 - DATE AND TIME OF LATEST TRANSACTION
control field 20000607103420.0
008 - FIXED-LENGTH DATA ELEMENTS--GENERAL INFORMATION
fixed length control field s1987 j 000 0 eng u
040 ## - CATALOGING SOURCE
Transcribing agency
100 1# - MAIN ENTRY--PERSONAL NAME
Personal name Wright, H. Norman.
245 10 - TITLE STATEMENT
Title Romancing your marriage.
260 ## - PUBLICATION, DISTRIBUTION, ETC. (IMPRINT)
Place of publication, distribution, etc Ventura, CA,. :
Name of publisher, distributor, etc Regal Books
Date of publication, distribution, etc c1987
300 ## - PHYSICAL DESCRIPTION
Extent 269 p. ;
Dimensions 21 cm.
650 ## - SUBJECT ADDED ENTRY--TOPICAL TERM
Topical term or geographic name as entry element Interpersonal Relations
650 ## - SUBJECT ADDED ENTRY--TOPICAL TERM
Topical term or geographic name as entry element Love
650 ## - SUBJECT ADDED ENTRY--TOPICAL TERM
Topical term or geographic name as entry element Marriage
General subdivision Religious Aspects
-- Christianity
650 ## - SUBJECT ADDED ENTRY--TOPICAL TERM
Topical term or geographic name as entry element Marriage
General subdivision United States
942 ## - ADDED ENTRY ELEMENTS (KOHA)
Source of classification or shelving scheme
Koha item type Books
Copies
Current Location Copy number Date acquired Price effective from Shelving location Koha item type Not for loan Source of classification or shelving scheme Lost status Barcode Withdrawn status Full call number Permanent Location Date last seen Damaged status
 12010-04-142010-04-14General StacksBooks   12518 HQ 734 .W94955RHEMA Bible Training College2010-04-14 
RHEMA Bible Training College22011-09-272011-09-27General StacksBooks   22099 HQ 734 .W94955RHEMA Bible Training College2011-09-29